GNPとNNW : 国民総福祉時代の幕明け
Zapisane w:
| 1. autor: | |
|---|---|
| Format: | Książka |
| Język: | Undetermined |
| Wydane: |
東京
日本経済新聞社
1971
|
| Hasła przedmiotowe: | |
| Etykiety: |
Dodaj etykietę
Nie ma etykietki, Dołącz pierwszą etykiete!
|
| Thư viện lưu trữ: | Trung tâm Học liệu Trường Đại học Cần Thơ |
|---|
| LEADER | 00529nam a2200193Ia 4500 | ||
|---|---|---|---|
| 001 | CTU_78303 | ||
| 008 | 210402s9999 xx 000 0 und d | ||
| 082 | |a 330.15 | ||
| 082 | |b A798 | ||
| 100 | |a 浅野義光(あさの よしみつ) | ||
| 245 | 0 | |a GNPとNNW : | |
| 245 | 0 | |b 国民総福祉時代の幕明け | |
| 245 | 0 | |c 浅野義光 | |
| 260 | |a 東京 | ||
| 260 | |b 日本経済新聞社 | ||
| 260 | |c 1971 | ||
| 650 | |a Welfare economics | ||
| 904 | |i Ngoc | ||
| 980 | |a Trung tâm Học liệu Trường Đại học Cần Thơ | ||